000 01162nam a22002657a 4500
005 20101206113148.0
008 101206t xxu||||| |||| 00| 0 hin d
010 _aHIN-91353
020 _c300.00
035 _aHN-63699
037 _bDBAD/PUB
040 _aDPL
_bHN
082 _a420
100 _924598
_aपारीक, रविशेखर
245 _aमित्रों के पत्रः
_cरविशेखर पारीक
_bकालावधिः 30.7.21 से 27.12.25 /
246 _aMitron ke patra
_bby Ravi Shekhar Pareek
260 _aबीकानेर
_bपाटळ प्रकाशन
_c2008
270 _bबीकानेर
_aसूरसागर, बारह महादेव मंदिर के पास, पारीक हाउस
_e334001 (राज)
_k011- 732- 8413030
300 _a234पृ.
_c22सेमी (सजिल्द)
650 _91169
700 _924599
700 _924924
942 _2ddc
_cHN
_mपारीक
999 _c49335
_d49335